[Event "CZE-ch U14 Girls"]
[Site "Kouty nad Desnou"]
[Date "2020.03.09"]
[Round "4"]
[White "Jirotova, Eliska"]
[Black "Spacilova, Klara"]
[Result "1-0"]
[WhiteElo "1333"]
[BlackElo "1188"]
[PlyCount "71"]
[EventDate "2020.03.07"]
[EventType "swiss"]
[EventRounds "7"]
[EventCountry "CZE"]
[SourceTitle "CBM 195 Extra"]
[Source "ChessBase"]
[SourceDate "2020.05.31"]
[SourceVersion "1"]
[SourceVersionDate "2020.05.31"]
[SourceQuality "1"]

1. e4 e5 2. Nf3 Nc6 3. d4 exd4 4. Nxd4 Qh4 5. Nc3 Bb4 6. Be2 Qxe4 7. Ndb5 Bxc3+ 8. bxc3 Kd8 9. 0-0 Nge7 10. Re1 Qd5 11. Nd4 Re8 12. Bf3 Qd6 13. a4 Nxd4 14. cxd4 Nc6 15. Bxc6 Rxe1+ 16. Qxe1 Qxc6 17. Qe2 d6 18. c4 Bf5 19. c5 Kd7 20. cxd6 Qxd6 21. Ba3 Qe6 22. Qb5+ Kc8 23. Rc1 c6 24. d5 Qe5 25. Qc5 Kd8 26. Rd1 Qe4 27. dxc6+ Kc7 28. cxb7+ Kxb7 29. Qb5+ Kc7 30. Bd6+ Kc8 31. Qa6+ Kd7 32. Bb4+ Ke8 33. Re1 Rb8 34. Rxe4+ Bxe4 35. Qd6 Rb6 36. Qe7# 1-0